000 00472nam a2200181Ia 4500
001 11409
005 20260306162826.0
008 260306t2024||||xx |||||||||||||| ||spa||
041 _aESP
082 _a985.04
_bQ41
100 _aQuichua Chaico, David,
_eAUT
245 0 _aRebeldes y leales :
_bHuamanga en la Independencia del Perú (1795-1824)
260 _c2024
300 _a164 páginas :
_c20 cm.
650 _aGEN
654 _aCHU
942 _cLIB
_dJUS
_fJUS
_2ddc
_n
999 _c11409
_d11409